Montagnes de A à Z - Statistiques

Statistiques générales
  • Ce quiz a été pris 192 fois
  • Le résultat moyen est 7 sur 19
Statistiques - réponses
Clue Mountain % Correct
E Le toit du Monde Everest
93%
B Le plus haut sommet des Alpes Blanc
81%
K Plus haut d'Afrique Kilimandjaro
78%
V Volcan qui a détruit Pompeii Vesuve
71%
O Montagne mythique de la Grèce antique, culminant à 2 917 mètres Olympe
69%
C La montagne la plus connue de Suisse, notamment pour l'aspect pyramidal Cervin
67%
F Situé sur l'île principale de Honshū Fuji
66%
D Située en Alaska, c'est le sommet le plus élevé d'Amérique du Nord Denali
48%
P Une montagne des Pyrénées, célèbre pour son observatoire Pic du Midi
39%
M Nom allemand pour la montagne qui commence par un C Matterhorn
30%
L Situé près de l'Everest. C'est le quatrième plus haut sommet du globe Lhotse
29%
G Le point culminant de l'Autriche Grossglockner
12%
R Un volcan actif situé dans l'État de Washington Rainier
12%
H La montagne la plus élevée du Pérou et de la cordillère Blanche Huascarán
10%
T Une montagne emblématique située à Cape Town Table Mountain
7%
A Une colline de granite située à une vingtaine de kilomètres à l'est de La Mecque Arafat
6%
J Le point culminant de l'Atlas et d'Afrique du Nord Jebel Toubkal
6%
S Le plus haut sommet du pays de Galles Snowdon
6%
Y Le point culminant de Taïwan. Il est sacré pour les populations locales Yushan
4%
Aucun quiz correspondant
Distribution des résultats
% des personnes avec chaque résultat
Percentile par nombre de réponses
Votre historique - résultats
Vous n’avez pas pris ce quiz